| 000 | 00776nam a2200241 a 4500 | ||
|---|---|---|---|
| 999 |
_c1629 _d1629 |
||
| 001 | 015389906 | ||
| 003 | UkOxU | ||
| 005 | 20230116120510.0 | ||
| 008 | 010614r20011974enk j 000 1 eng d | ||
| 020 | _a9781903015155 | ||
| 035 | _aBNB2648.4084 | ||
| 040 |
_aOX/U-1 _c. _dKH8 |
||
| 082 | _a823.914 AIK | ||
| 100 | 1 |
_aAiken, Joan, _d1924-2004. _eauthor |
|
| 245 | 1 | 0 |
_aMortimer's bread bin / _cJoan Aiken ; illustrated by Quentin Blake. |
| 260 |
_aLondon : _bBarn Owl Books, _c2001. |
||
| 300 |
_a77 p. : _bill. ; _c20 cm. |
||
| 500 | _aOriginally published: London : British Broadcasting Corporation, 1974. | ||
| 650 | 0 |
_aRavens _vJuvenile fiction. |
|
| 700 | 1 |
_aBlake, Quentin. _eillustrator |
|
| 942 |
_2ddc _cNFIC |
||